Potencias de diez : (Record no. 107512)

MARC details
000 -LEADER
campo de control de longitud fija 01051nam a2200277 4500
001 - NÚMERO DE CONTROL
campo de control 107512
003 - IDENTIFICADOR DE NÚMERO DE CONTROL
campo de control ES-MaACL
005 - FECHA Y HORA DE LA ÚLTIMA TRANSACCIÓN
campo de control 20250816053746.0
007 - CAMPO FIJO DE DESCRIPCIÓN FÍSICA--INFORMACIÓN GENERAL
campo de control de longitud fija t|
008 - DATOS DE LONGITUD FIJA--INFORMACIÓN GENERAL
campo de control de longitud fija 061121s1984 sp r ||||1| spa d
020 ## - NÚMERO INTERNACIONAL ESTÁNDAR DEL LIBRO
Número Internacional Estándar del Libro 84-7593-000-X
100 1# - ENTRADA PRINCIPAL--NOMBRE DE PERSONA
Nombre de persona Morrison, Philip.
9 (RLIN) 83688
245 10 - MENCIÓN DEL TÍTULO
Título Potencias de diez :
Resto del título libro que trata del tamaño relativo de los objetos del universo y del efecto que produce añadir otro cero /
Mención de responsabilidad, etc. Philip Morrison, Phylis Morrison y The Office of Charles and Ray Eames ; traducción de Luis Bou.
260 ## - PUBLICACIÓN, DISTRIBUCIÓN, ETC.
Lugar de publicación, distribución, etc. Barcelona :
Nombre del editor, distribuidor, etc. Labor,
Fecha de publicación, distribución, etc. 1984.
300 ## - DESCRIPCIÓN FÍSICA
Extensión 150 p. :
Otras características físicas il. col. ;
Dimensiones 24 cm.
490 1# - MENCIÓN DE SERIE
Mención de serie Biblioteca Scientific American
650 00 - PUNTO DE ACCESO ADICIONAL DE MATERIA--TÉRMINO DE MATERIA
Término de materia o nombre geográfico como elemento de entrada Relatividad (Física)
9 (RLIN) 16793
700 1# - ENTRADA AGREGADA--NOMBRE PERSONAL
Nombre de persona Morrison, Phylis.
9 (RLIN) 83689
700 1# - ENTRADA AGREGADA--NOMBRE PERSONAL
Nombre de persona Eames, Charles,
Fechas asociadas al nombre 1907-1978
9 (RLIN) 46436
700 1# - ENTRADA AGREGADA--NOMBRE PERSONAL
Nombre de persona Eames, Ray,
Fechas asociadas al nombre 1907-1978
9 (RLIN) 46437
700 1# - ENTRADA AGREGADA--NOMBRE PERSONAL
Nombre de persona Bou García, Luis.
9 (RLIN) 30816
710 2# - ENTRADA AGREGADA--NOMBRE DE ENTIDAD CORPORATIVA
Nombre de entidad corporativa o nombre de jurisdicción como elemento de entrada Scientific American.
9 (RLIN) 6515
830 1# - PUNTO DE ACCESO ADICIONAL DE SERIE-TÍTULO UNIFORME
Título uniforme Biblioteca Scientific American
9 (RLIN) 185613
852 ## - LOCALIZACIÓN
Ubicación ES-MaACL
Número de control de estantería L-6030
Holdings
Estatus retirado Estado de pérdida Estado de daño No para préstamo Biblioteca de origen Biblioteca actual Ubicación en estantería Fecha de adquisición Fuente de adquisición Total de préstamos Signatura topográfica completa Código de barras Visto por última vez Precio de reemplazo Tipo de ítem Koha
        Biblioteca del Ateneo de Madrid Biblioteca del Ateneo de Madrid Depósito 2 17/01/2008     L-6030 1112204 23/02/2023 23/02/2023 Libro impreso